00345nam a2200133Ia 4500008004100000020001500041041001200056082001600068100002100084245004600105260003700151300000800188650001500196221030s9999 xx 000 0 und d a8178660881 aEnglish a105.23bChu aS. A. Chunawalla 0aAdvertising, Sales & Promotion Management bHimalaya Pub HouseaMumbaic2003 a513 aManagement